000 00414nam a2200145Ia 4500
008 210210b1993 xxu||||| |||| 00| 0 eng d
082 _a370.11 PUTF
100 _aPUTTI (Joseph).
245 _aFair deal; a resource book on value education in social justice.
260 _aBangalore.
_bKristu Jyoti College
_c1993
300 _axx,511
650 _aSocial Justice
690 _aValue Education
906 _a058868
999 _c106179
_d106179